000 00264nam a22001097a 4500
008 170125b xxu||||| |||| 00| 0 eng d
020 _a9780781745000
041 _aeng
080 _210TH
_a618.2
245 _aMEDICAL-SURGICAL NURSING
_cSMELTZER, S.C
942 _2udc
_cBK
999 _c3613
_d3613